Ne obrashchaite vnimania, maestro : rasskaz dlia Genrikha Bellia /

Saved in:
Bibliographic Details
Main Author: Vladimov, Georgii, 1931-
Other Authors: Böll, Heinrich, 1917-1985
Format: Book
Language:Russian
Published: Frankfurt a. M. : Posev, 1986.
Edition:2-e izd.
LEADER 00841nam a2200229 a 4500
001 c000057921
003 CARM
005 00000000000000.0
008 s1986 gw 00011 rus d
019 1 |a 5238246  |5 LACONCORD2021 
035 |a (OCoLC)19610139  |5 LACONCORD2021 
040 |a VU  |c VU 
100 1 |a Vladimov, Georgii,  |d 1931- 
245 1 0 |a Ne obrashchaite vnimania, maestro :  |b rasskaz dlia Genrikha Bellia /  |c Georgii Vladimov. 
250 |a 2-e izd. 
260 |a Frankfurt a. M. :  |b Posev,  |c 1986. 
300 |a 78 p. ;  |c 17 cm. 
700 1 |a Böll, Heinrich,  |d 1917-1985. 
852 8 |b CARM  |h A2:AM05A0  |i A02202  |p 0141783  |f BK 
082 0 4 |a 891.7/3/44  |2 19 
999 f f |i 1feae033-823c-5b87-815a-dffaa94f59a4  |s 66b4f6fc-a62e-5fd5-935e-346520e5f84d 
952 f f |p Can circulate  |a CAVAL  |b CAVAL  |c CAVAL  |d CARM 1 Store  |e A02202  |f A2:AM05A0  |h Other scheme  |i book  |m 0141783